[Event "ROM-ch"]
[Site "Eforie Nord"]
[Date "2022.02.27"]
[Round "9"]
[White "Nastore, Pavel Alexandru"]
[Black "Badea, Bela"]
[Result "1-0"]
[WhiteElo "2306"]
[BlackElo "2413"]
[PlyCount "85"]
[EventDate "2022.02.20"]
[EventType "swiss"]
[EventRounds "9"]
[EventCountry "ROU"]
[SourceTitle "CBM 207 Extra"]
[Source "ChessBase"]
[SourceDate "2022.05.31"]
[SourceVersion "1"]
[SourceVersionDate "2022.05.31"]
[SourceQuality "1"]

1. e4 d6 2. d4 Nf6 3. Nc3 e5 4. Nf3 Nbd7 5. g4 Nxg4 6. Rg1 Ngf6 7. Be3 c6 8. Qd3 b5 9. 0-0-0 Qa5 10. dxe5 dxe5 11. Rg5 h6 12. Rxe5+ Nxe5 13. Nxe5 Qc7 14. Nxc6 Bd7 15. Nxa7 b4 16. Ncb5 Qb8 17. Qc4 Be7 18. Nc7+ Kf8 19. Nxa8 Qxa8 20. e5 Be6 21. Qb5 Ne8 22. Nc6 b3 23. a4 bxc2 24. Rd2 Nc7 25. Qb6 Nd5 26. Rxd5 Bxd5 27. Nxe7 Be4 28. Qb4 Bh7 29. Bg2 Qe8 30. Nc6+ Kg8 31. Qd6 Bg6 32. Ne7+ Kh7 33. Nxg6 fxg6 34. Be4 Qf7 35. e6 Qf6 36. Bd4 Qg5+ 37. Kxc2 Rc8+ 38. Bc3 Qf6 39. Qb6 Qe5 40. Qb7 Rc7 41. Qd5 Qxh2 42. Qd4 Qh5 43. Bd3 1-0

[Event "Wch Seniors 50 29th"]
[Site "Bucharest"]
[Date "2019.11.20"]
[Round "8"]
[White "Badea, Bela"]
[Black "Movsziszian, Karen"]
[Result "1/2-1/2"]
[WhiteElo "2420"]
[BlackElo "2470"]
[PlyCount "116"]
[EventDate "2019.11.12"]
[EventType "swiss"]
[EventRounds "11"]
[EventCountry "ROU"]
[SourceTitle "CBM 193 Extra"]
[Source "ChessBase"]
[SourceDate "2020.01.31"]
[SourceVersion "1"]
[SourceVersionDate "2020.01.31"]
[SourceQuality "1"]

1. Nf3 Nf6 2. g3 g6 3. b3 Bg7 4. Bb2 0-0 5. Bg2 d6 6. d4 Nbd7 7. d5 Nc5 8. c4 e5 9. dxe6 Bxe6 10. Nd4 Bd7 11. Nc3 Re8 12. 0-0 c6 13. e3 a5 14. Rb1 Qc8 15. Re1 Bh3 16. f3 h5 17. e4 Bxg2 18. Kxg2 Qc7 19. Qd2 Rad8 20. Rbd1 Kh7 21. Re2 Qb6 22. Qc2 a4 23. Nxa4 Nxa4 24. bxa4 Qa6 25. Red2 Nd7 26. Nb3 Bf8 27. a5 Ne5 28. Bxe5 Rxe5 29. f4 Ree8 30. e5 c5 31. Rd5 Qc6 32. Kg1 Be7 33. Qf2 dxe5 34. fxe5 Kg7 35. Rxd8 Rxd8 36. Rxd8 Bxd8 37. Nxc5 Be7 38. Nd3 Qxc4 39. Qe2 Bd8 40. h4 Bxa5 41. Kg2 Bc3 42. Kh2 b5 43. Qc2 b4 44. e6 Qxe6 45. a3 Bd4 46. axb4 Qe3 47. Qd1 Bb6 48. Kg2 Qd4 49. Qf3 Qg1+ 50. Kh3 Bc7 51. Nf4 Be5 52. Nd5 Bd4 53. b5 f5 54. Nf4 Be5 55. Ne6+ Kh6 56. Ng5 Bf6 57. Nf7+ Kg7 58. Ng5 Kh6 1/2-1/2

[Event "Sant'Angelo Festival Abruzzo"]
[Site "Sant'Angelo"]
[Date "2018.08.09"]
[Round "7.2"]
[White "Badea, Bela"]
[Black "Solodovnichenko, Yuri"]
[Result "1/2-1/2"]
[WhiteElo "2430"]
[BlackElo "2535"]
[PlyCount "35"]
[EventDate "2018.08.05"]
[EventType "swiss"]
[EventRounds "9"]
[EventCountry "ITA"]
[SourceTitle "EXT 2024"]
[Source "ChessBase"]
[SourceDate "2023.10.10"]
[SourceVersion "1"]
[SourceVersionDate "2023.10.10"]
[SourceQuality "1"]

1. Nf3 g6 2. e4 c5 3. d4 cxd4 4. Nxd4 Nf6 5. f3 Bg7 6. c4 Qb6 7. Nb3 d6 8. Qe2 Be6 9. Be3 Bxc4 10. Qd2 Qa6 11. Qc1 b5 12. a4 Bxf1 13. axb5 Qb7 14. Rxf1 0-0 15. Nc3 d5 16. e5 Nfd7 17. f4 Nb6 18. Bd4 1/2-1/2

[Event "Sant'Angelo Festival Abruzzo"]
[Site "Sant'Angelo"]
[Date "2018.08.08"]
[Round "5.2"]
[White "Mrdja, Milan"]
[Black "Badea, Bela"]
[Result "1/2-1/2"]
[WhiteElo "2293"]
[BlackElo "2430"]
[PlyCount "28"]
[EventDate "2018.08.05"]
[EventType "swiss"]
[EventRounds "9"]
[EventCountry "ITA"]
[SourceTitle "EXT 2024"]
[Source "ChessBase"]
[SourceDate "2023.10.10"]
[SourceVersion "1"]
[SourceVersionDate "2023.10.10"]
[SourceQuality "1"]

1. e4 d6 2. d4 Nf6 3. Bd3 e5 4. c3 Nc6 5. Nf3 Bg4 6. d5 Nb8 7. c4 Be7 8. h3 Bd7 9. Nc3 0-0 10. 0-0 c5 11. Re1 Ne8 12. a3 Na6 13. Rb1 g6 14. b4 b6 1/2-1/2

[Event "ROM-ch"]
[Site "Calimanesti Caciulata"]
[Date "2017.03.31"]
[Round "7"]
[White "Parligras, Mircea Emilian"]
[Black "Badea, Bela"]
[Result "1-0"]
[WhiteElo "2601"]
[BlackElo "2456"]
[PlyCount "71"]
[EventDate "2017.03.25"]
[EventType "swiss"]
[EventRounds "9"]
[EventCountry "ROU"]
[SourceTitle "CBM 177 Extra"]
[Source "ChessBase"]
[SourceDate "2017.04.27"]
[SourceVersion "1"]
[SourceVersionDate "2017.04.27"]
[SourceQuality "1"]

1. d4 d6 2. Nf3 Nf6 3. c4 Nbd7 4. Nc3 e5 5. e4 g6 6. Be2 Bg7 7. 0-0 c6 8. Be3 Ng4 9. Bg5 f6 10. Bd2 Nh6 11. b4 Nf7 12. Qb3 Qe7 13. d5 c5 14. Nb5 Qd8 15. Ne1 0-0 16. Nd3 b6 17. a4 f5 18. f3 a5 19. bxa5 bxa5 20. exf5 gxf5 21. Rab1 Nf6 22. Qd1 Re8 23. Kh1 Bh6 24. Bc3 Be3 25. Qe1 f4 26. Qh4 Nh8 27. Qg5+ Ng6 28. Ne1 Kf7 29. Bd3 Rg8 30. Qh6 Ne7 31. g4 Rg7 32. Ng2 Bd4 33. Bxd4 cxd4 34. g5 Neg8 35. Qh4 Ne8 36. g6+ 1-0

[Event "Iasi op"]
[Site "Iasi"]
[Date "2014.05.13"]
[Round "4"]
[White "Badea, Bela"]
[Black "Lupulescu, Constantin"]
[Result "0-1"]
[WhiteElo "2491"]
[BlackElo "2649"]
[PlyCount "78"]
[EventDate "2014.05.10"]
[EventType "swiss"]
[EventRounds "9"]
[EventCountry "ROU"]
[SourceTitle "CBM 160 Extra"]
[Source "ChessBase"]
[SourceDate "2014.07.01"]
[SourceVersion "1"]
[SourceVersionDate "2014.07.01"]
[SourceQuality "1"]

1. Nf3 c5 2. c4 Nc6 3. d4 cxd4 4. Nxd4 Nf6 5. Nc3 e6 6. a3 Bc5 7. Nb3 Be7 8. e4 0-0 9. Be2 b6 10. 0-0 Ba6 11. f4 d6 12. Re1 Rc8 13. Bf1 Qc7 14. Be3 Na5 15. Nxa5 bxa5 16. b3 a4 17. Nxa4 Nxe4 18. Bd4 f5 19. Bd3 d5 20. Bxe4 dxe4 21. Be5 Qc6 22. Qd4 Rfd8 23. Qb2 Bf8 24. Qc2 Rd3 25. Bc3 Bd6 26. Nb2 Rxc3 27. Qxc3 Bxf4 28. Rad1 Qc7 29. h3 Be5 30. Qc2 Qc5+ 31. Kh1 Bc7 32. Qc3 Be5 33. Qc2 Bb8 34. Rd7 Qe5 35. Kg1 Bb5 36. Rb7 Qh2+ 37. Kf1 Bc6 38. Rxb8 Rxb8 39. Nd1 f4 0-1

[Event "ROM-ch op"]
[Site "Sarata Monteoru"]
[Date "2011.02.17"]
[Round "8"]
[White "Badea, Bela"]
[Black "Stanciu, Alexandru Ovidiu"]
[Result "1-0"]
[WhiteElo "2493"]
[BlackElo "2297"]
[PlyCount "107"]
[EventDate "2011.02.12"]
[EventType "swiss"]
[EventRounds "11"]
[EventCountry "ROU"]
[SourceTitle "CBM 140 Extra"]
[Source "ChessBase"]
[SourceDate "2011.03.01"]
[SourceVersion "1"]
[SourceVersionDate "2011.03.01"]
[SourceQuality "1"]

1. Nf3 c5 2. c4 Nc6 3. d4 cxd4 4. Nxd4 e5 5. Nc2 Nf6 6. Nc3 Bc5 7. a3 Qb6 8. e3 Qb3 9. Qd3 Na5 10. Rb1 Be7 11. Na1 Qb6 12. b4 Nc6 13. Be2 0-0 14. Nb3 a5 15. Nd5 Nxd5 16. cxd5 axb4 17. dxc6 bxa3 18. cxd7 a2 19. dxc8Q Rfxc8 20. 0-0 Rc3 21. Qxc3 axb1Q 22. Bc4 Qb4 23. Qxb4 Bxb4 24. e4 Qc2 25. Bd5 h6 26. h3 Rd8 27. Na1 Qa4 28. Bb2 Bd6 29. Rb1 b5 30. Nb3 b4 31. Ra1 Qd7 32. Ra6 Rc8 33. Bc1 Bc5 34. Bd2 Kh7 35. Ra2 Bd6 36. Be3 Rc3 37. Ra7 Bc7 38. Bc5 Rc2 39. Rb7 Qd8 40. g3 h5 41. Kg2 h4 42. g4 Qg5 43. Rxc7 Qf4 44. Kg1 Rxc5 45. Nxc5 Qf3 46. Rxf7 Qxh3 47. Ne6 Qxg4+ 48. Kh2 Qe2 49. Rxg7+ Kh6 50. Rf7 h3 51. Rf6+ Kh5 52. Rf5+ Kh4 53. Ng5 Qg4 54. Nf3+ 1-0

[Event "ROM-ch op"]
[Site "Sarata Monteoru"]
[Date "2011.02.14"]
[Round "4"]
[White "Badea, Bela"]
[Black "Ciobanu, Viorel Adrian"]
[Result "1-0"]
[WhiteElo "2493"]
[BlackElo "2240"]
[PlyCount "65"]
[EventDate "2011.02.12"]
[EventType "swiss"]
[EventRounds "11"]
[EventCountry "ROU"]
[SourceTitle "CBM 140 Extra"]
[Source "ChessBase"]
[SourceDate "2011.03.01"]
[SourceVersion "1"]
[SourceVersionDate "2011.03.01"]
[SourceQuality "1"]

1. Nf3 d5 2. b3 Nf6 3. Bb2 e6 4. c4 Be7 5. g3 0-0 6. Bg2 c5 7. e3 Qb6 8. Na3 Nc6 9. 0-0 d4 10. d3 Ne8 11. exd4 cxd4 12. Nc2 e5 13. Qe2 Bg4 14. h3 Bxf3 15. Bxf3 Bd6 16. Rab1 Nf6 17. b4 Qd8 18. c5 Bc7 19. b5 Na5 20. Bg2 Re8 21. Nb4 Qe7 22. Ba3 Qe6 23. c6 bxc6 24. bxc6 e4 25. dxe4 Nc4 26. Bb2 Ba5 27. Bxd4 Rad8 28. Bxf6 Rd2 29. Qh5 Qxf6 30. Qc5 Na3 31. Nd5 Rxd5 32. exd5 Nxb1 33. Qxa5 1-0

[Event "Eforie Nord op 2nd"]
[Site "Eforie Nord"]
[Date "2010.06.24"]
[Round "8"]
[White "Badea, Bela"]
[Black "Thorfinnsson, Bjorn"]
[Result "0-1"]
[WhiteElo "2495"]
[BlackElo "2390"]
[PlyCount "120"]
[EventDate "2010.06.18"]
[EventType "swiss"]
[EventRounds "11"]
[EventCountry "ROU"]
[SourceTitle "CBM 137 Extra"]
[Source "ChessBase"]
[SourceDate "2010.09.01"]
[SourceVersion "1"]
[SourceVersionDate "2010.09.01"]
[SourceQuality "1"]

1. Nf3 b6 2. e4 Bb7 3. Nc3 e6 4. d4 Bb4 5. Bd3 Nf6 6. Qe2 d5 7. e5 Ne4 8. 0-0 Nxc3 9. bxc3 Bxc3 10. Rb1 a5 11. a3 a4 12. Qe3 Nd7 13. Bb5 Ba5 14. Bxa4 c6 15. Bb3 c5 16. c3 Rc8 17. Bb2 Ba6 18. Rfc1 0-0 19. Bc2 h6 20. Nd2 Qe7 21. Nb3 Bc4 22. Nxa5 bxa5 23. a4 Rc7 24. Ba3 Rfc8 25. f4 Qh4 26. Qd2 Ba6 27. Bd1 Rc6 28. Qf2 Qd8 29. Qd2 g6 30. f5 exf5 31. Qxh6 Bd3 32. Ra1 Be4 33. Qd2 Qh4 34. g3 Qh3 35. Qf2 Kg7 36. Be2 Qh6 37. Qf4 g5 38. Qf2 g4 39. Qf4 Qxf4 40. gxf4 Rh6 41. Bf1 Nf8 42. c4 dxc4 43. Rxc4 Ne6 44. dxc5 Rch8 45. Rxe4 fxe4 46. f5 Ng5 47. Kf2 Rxh2+ 48. Kg3 Rc2 49. Kxg4 Nf3 50. e6 fxe6 51. fxe6 Kf6 52. Rc1 Nh2+ 53. Kf4 Rf2+ 54. Kxe4 Nxf1 55. Kd5 Ne3+ 56. Kc6 Nf5 57. Rc3 Ne7+ 58. Kb7 Nd5 59. Rb3 Kxe6 60. c6 Rf7+ 0-1

[Event "Eforie Nord op 2nd"]
[Site "Eforie Nord"]
[Date "2010.06.20"]
[Round "4"]
[White "Badea, Bela"]
[Black "Turova, Irina"]
[Result "0-1"]
[WhiteElo "2495"]
[BlackElo "2394"]
[PlyCount "60"]
[EventDate "2010.06.18"]
[EventType "swiss"]
[EventRounds "11"]
[EventCountry "ROU"]
[SourceTitle "CBM 137 Extra"]
[Source "ChessBase"]
[SourceDate "2010.09.01"]
[SourceVersion "1"]
[SourceVersionDate "2010.09.01"]
[SourceQuality "1"]

1. Nf3 Nf6 2. g3 b5 3. Na3 a6 4. c4 c6 5. b3 e6 6. Bg2 d5 7. 0-0 Nbd7 8. Nc2 Bb7 9. d4 Bd6 10. Bb2 a5 11. Nd2 bxc4 12. bxc4 Ba6 13. e4 Nxe4 14. Nxe4 dxe4 15. Ne3 0-0 16. Bxe4 Rb8 17. Bc3 f5 18. Bxc6 f4 19. gxf4 Bxf4 20. Qg4 Rf6 21. Ng2 Bd6 22. c5 Bxf1 23. Rxf1 Rg6 24. Qe4 Bc7 25. f4 Kh8 26. Re1 Nf6 27. Qxe6 Bxf4 28. d5 Bxh2+ 29. Kf1 Qf8 30. Qe7 Nxd5+ 0-1